Vista normal
Vista MARC
Entrada Personal Name
Número de registros utilizados en: 1
001 - CONTROL NUMBER
- control field: 16923
003 - CONTROL NUMBER IDENTIFIER
- control field: DLC
005 - DATE AND TIME OF LATEST TRANSACTION
- control field: 20250401115838.0
008 - FIXED-LENGTH DATA ELEMENTS
- fixed length control field: 991217n| acannaabn |n aaa c
010 ## - LIBRARY OF CONGRESS CONTROL NUMBER
- LC control number: no 99090046
035 ## - SYSTEM CONTROL NUMBER
- System control number: (OCoLC)oca05122591
035 ## - SYSTEM CONTROL NUMBER
- System control number: (Uk)004851823
040 ## - CATALOGING SOURCE
- Original cataloging agency: IEN
- Language of cataloging: spa
- Transcribing agency: Mx-PuUPA
- Modifying agency: Uk
- Modifying agency: Mx-PuUPA
- Description conventions: rda
100 1# - HEADING--PERSONAL NAME
- Personal name: Sapienza, Leonardo,
374 ## - OCCUPATION
- Occupation: Autor
375 ## - GENDER
- Gender: hombre
377 ## - ASSOCIATED LANGUAGE
- Language code: spa
670 ## - SOURCE DATA FOUND
- Source citation: Sapienza, Leonardo. Spunti & appunti, 1997:
- Information found: t.p. (Leonardo Sapienza)
670 ## - SOURCE DATA FOUND
- Source citation: OCLC, Dec. 17, 1999
- Information found: (hdg.: Sapienza, Leonardo)
670 ## - SOURCE DATA FOUND
- Source citation: Spirituality of the priesthood, 2010:
- Information found: t.p. (Leonardo Sapienza)
670 ## - SOURCE DATA FOUND
- Source citation: Libreria del Santo website, 13 April 2011:
- Information found: author page (Leonardo Sapienza, Rogationist priest, is the Protocol Officer of the Prefecture of the Papal Household; site also includes listings of author's works)
- Uniform Resource Identifier: www.libreriadelsanto.it/libri_di/autore/Leonardo_Sapienza